000 00916nam a22002417a 4500
008 240608b mp ||||| |||| 00| 0 mon d
020 _a978-99973-1-788-9
035 _a17832
040 _aDU1548031
_bmon
_cMN-UlNLM
_dMN-UlNLM
_erda
041 _amon
042 _a42467
084 _2NNA
_a84.8(4Ита)
_bК-606
100 _aКоллоди К.
245 0 _aПиноккио
264 _aУлаанбаатар
_bМир ном publishing
_c2018
300 _a77
336 _2rdacontent
_atext
_btxt
337 _2rdamedia
_aunmediated
_bn
338 _2rdacarrier
_avolume
_bnc
650 _aКарло Коллоди: Италийн хүүхдийн уран зохиол Энэхүү ном нь сонсож болдог учир бүх насны хүүхдүүдэд тохиромжтой. Хуудас бүрд байх ...
942 _2NNA
_cBK
999 _c842634
_d842691